Chess: don't get captured #4 - Sudden Death - Statistics

General Stats
  • This quiz has been taken 194 times
  • The average score is 5 of 7
Answers on the Grid
Answers color-coded by a green-red scale on the quiz's grid according to % correct below.
a8
b8
c8
d8
e8
f8
g8
h8
a7
c7
d7
e7
f7
h7
a6
b6
c6
d6
e6
f6
g6
h6
a5
b5
c5
f5
g5
h5
a4
b4
c4
f4
g4
h4
a3
b3
c3
d3
e3
f3
g3
h3
a2
c2
d2
e2
f2
h2
a1
b1
c1
d1
e1
f1
g1
h1
 
Answer Stats
Answer % Correct
a8
92%
h8
91%
c8
75%
f8
74%
a6
72%
h6
72%
h3
67%
No matching quizzes found
Score Distribution
Percent of People with Each Score
Percentile by Number Answered
Your Score History
You have not taken this quiz